[Event "ESP-ch U12 rapid"]
[Site "Salobrena"]
[Date "2023.07.16"]
[Round "7"]
[White "Blanco Barra, Lucas"]
[Black "Prieto Rol, Esther"]
[Result "0-1"]
[WhiteElo "1547"]
[BlackElo "1311"]
[PlyCount "80"]
[EventDate "2023.07.15"]
[EventType "swiss (rapid)"]
[EventRounds "9"]
[EventCountry "ESP"]
[SourceTitle "EXT 2024"]
[Source "ChessBase"]
[SourceDate "2023.10.10"]
[SourceVersion "1"]
[SourceVersionDate "2023.10.10"]
[SourceQuality "1"]

1. d4 d5 2. Nf3 Nf6 3. e3 c6 4. b3 Bf5 5. Bb2 e6 6. a3 Nbd7 7. Bd3 Bd6 8. 0-0 0-0 9. Ne5 Rc8 10. f4 c5 11. Bxf5 exf5 12. Nd2 Ne4 13. Nxe4 fxe4 14. Qg4 Nf6 15. Qe2 Qc7 16. c4 cxd4 17. Bxd4 Bc5 18. Bxc5 Qxc5 19. Rac1 d4 20. exd4 Qxd4+ 21. Kh1 Qb6 22. Qc2 Rfd8 23. Rfd1 Qe6 24. Rd2 Rxd2 25. Qxd2 Ng4 26. Nxg4 Qxg4 27. Rd1 h6 28. Re1 Re8 29. Qe3 b6 30. b4 Qe6 31. c5 Qc6 32. cxb6 axb6 33. Rc1 Qb5 34. h3 Re6 35. f5 Qxf5 36. Qe2 e3 37. Rc3 Qf2 38. Rc8+ Kh7 39. Qd3+ Rg6 40. Re8 Qxg2# 0-1

[Event "ESP-ch U12"]
[Site "Salobrena"]
[Date "2023.07.15"]
[Round "9"]
[White "Prieto Rol, Esther"]
[Black "Camacho Valadez, Marta"]
[Result "1-0"]
[WhiteElo "1465"]
[BlackElo "1194"]
[PlyCount "133"]
[EventDate "2023.07.10"]
[EventType "swiss"]
[EventRounds "9"]
[EventCountry "ESP"]
[SourceTitle "EXT 2024"]
[Source "ChessBase"]
[SourceDate "2023.10.10"]
[SourceVersion "1"]
[SourceVersionDate "2023.10.10"]
[SourceQuality "1"]

1. d4 f5 2. Bf4 e6 3. e3 Nf6 4. Bd3 b6 5. Nf3 Bb7 6. Nbd2 Be7 7. c3 0-0 8. 0-0 Ne4 9. Qc2 d5 10. Ne5 Bg5 11. Ndf3 Be7 12. c4 c5 13. Rfd1 Nd7 14. Nxd7 Qxd7 15. Ne5 Qd8 16. f3 Nf6 17. Bf1 Rc8 18. Qa4 a6 19. h3 cxd4 20. Rxd4 Qe8 21. Qxe8 Rfxe8 22. g4 fxg4 23. hxg4 Bd6 24. Kf2 Bxe5 25. Bxe5 Nd7 26. Bg3 e5 27. Rd2 Nf6 28. b3 e4 29. cxd5 Bxd5 30. g5 Nh5 31. Bxa6 Ra8 32. Bb5 Rec8 33. Rxd5 Rc2+ 34. Be2 Nxg3 35. Kxg3 Rxe2 36. fxe4 Rxe3+ 37. Kf4 Rc3 38. Rb5 Rf8+ 39. Ke5 Rc6 40. Rd1 Re8+ 41. Kf4 Rce6 42. Re1 Rf8+ 43. Rf5 Rfe8 44. a4 g6 45. Rf6 Kg7 46. Rxe6 Rxe6 47. Rc1 Rd6 48. Rc7+ Kg8 49. Ke5 Rd3 50. b4 Rb3 51. b5 Ra3 52. Ra7 Ra2 53. a5 bxa5 54. b6 Rb2 55. b7 a4 56. Ra8+ Kf7 57. b8Q Rxb8 58. Rxb8 a3 59. Ra8 a2 60. Rxa2 Ke7 61. Ra7+ Kf8 62. Ke6 Kg8 63. Kf6 h6 64. gxh6 g5 65. Kxg5 Kh8 66. Kg6 Kg8 67. Ra8# 1-0

[Event "ESP-ch U12"]
[Site "Salobrena"]
[Date "2023.07.10"]
[Round "2"]
[White "Tallada Serret, Gerard"]
[Black "Prieto Rol, Esther"]
[Result "1-0"]
[WhiteElo "1858"]
[BlackElo "1465"]
[PlyCount "109"]
[EventDate "2023.07.10"]
[EventType "swiss"]
[EventRounds "9"]
[EventCountry "ESP"]
[SourceTitle "EXT 2024"]
[Source "ChessBase"]
[SourceDate "2023.10.10"]
[SourceVersion "1"]
[SourceVersionDate "2023.10.10"]
[SourceQuality "1"]

1. e4 c5 2. c3 Nf6 3. e5 Nd5 4. d4 cxd4 5. Qxd4 e6 6. Nf3 Nc6 7. Qe4 g6 8. c4 Nde7 9. Nc3 Bg7 10. Bf4 0-0 11. Be2 a6 12. 0-0 b6 13. Rad1 Bb7 14. Qd3 Bc8 15. Ne4 Qc7 16. Nd6 Rd8 17. Qd2 Bb7 18. Bg5 Rdb8 19. Bf6 Nf5 20. Nxf5 exf5 21. Bxg7 Kxg7 22. Qxd7 Qxd7 23. Rxd7 Nd8 24. Nd4 Nc6 25. Nf3 Bc8 26. Rc7 Nd8 27. Rd1 Ne6 28. Rc6 b5 29. b3 Rb7 30. Nd4 Bd7 31. Rd6 bxc4 32. Bxc4 Nxd4 33. R1xd4 Bb5 34. Bd5 Rab8 35. Bxb7 Rxb7 36. f4 Rc7 37. Kf2 Rc2+ 38. Rd2 Rc1 39. Rd1 Rc2+ 40. R6d2 Rc5 41. a4 Bc6 42. Rb1 Be4 43. Rbb2 Rc7 44. b4 Kf8 45. b5 axb5 46. axb5 Ke7 47. b6 Rb7 48. Ke3 f6 49. exf6+ Kxf6 50. Kd4 Ke6 51. Kc5 Ke7 52. Ra2 Rb8 53. Ra7+ Ke8 54. Rxh7 Bb7 55. Rh8+ 1-0

[Event "ESP-ch U12"]
[Site "Salobrena"]
[Date "2022.07.14"]
[Round "6"]
[White "Roure Sola, Oriol"]
[Black "Prieto Rol, Esther"]
[Result "1-0"]
[WhiteElo "1509"]
[BlackElo "1262"]
[PlyCount "113"]
[EventDate "2022.07.04"]
[EventType "swiss"]
[EventRounds "9"]
[EventCountry "ESP"]
[SourceTitle "EXT 2023"]
[Source "ChessBase"]
[SourceDate "2022.10.05"]
[SourceVersion "1"]
[SourceVersionDate "2022.10.05"]
[SourceQuality "1"]

1. e4 c5 2. Nf3 d6 3. d4 cxd4 4. Nxd4 Nf6 5. Nc3 Nc6 6. Bg5 e6 7. Qd2 a6 8. 0-0-0 Be7 9. f4 Bd7 10. Kb1 b5 11. Bxf6 Bxf6 12. Nce2 Rc8 13. g3 Qc7 14. Rc1 Rb8 15. Bg2 b4 16. Rhd1 Be7 17. c3 Qb6 18. Nxc6 Bxc6 19. cxb4 Ba4 20. Rf1 Qxb4 21. Qxb4 Rxb4 22. Rc8+ Bd8 23. Rfc1 0-0 24. Nc3 Bd7 25. Ra8 a5 26. a3 Rb7 27. Rd1 Be7 28. Rxf8+ Kxf8 29. Ka2 Bc6 30. Rd2 f5 31. exf5 Bxg2 32. Rxg2 exf5 33. Nd5 Kf7 34. Re2 Bf6 35. Rd2 Rd7 36. b4 axb4 37. axb4 Rd8 38. Kb3 Ke6 39. b5 Rc8 40. Kb4 Rc1 41. Nxf6 gxf6 42. Ka5 Rb1 43. Ka6 Kd7 44. Kb6 Rb3 45. Rd5 Ke6 46. Rd2 Kd7 47. Rc2 Rb1 48. Ka6 Ra1+ 49. Kb7 Rb1 50. b6 Rb3 51. Rc7+ Kd8 52. Rxh7 d5 53. Kc6 d4 54. Rd7+ Kc8 55. b7+ Kb8 56. Rd8+ Ka7 57. Ra8# 1-0

[Event "ESP-ch U10"]
[Site "Salobrena"]
[Date "2021.07.02"]
[Round "7"]
[White "Prieto Rol, Esther"]
[Black "Marsal Calvet, Josep"]
[Result "1/2-1/2"]
[WhiteElo "1179"]
[BlackElo "1126"]
[PlyCount "92"]
[EventDate "2021.06.28"]
[EventType "swiss"]
[EventRounds "9"]
[EventCountry "ESP"]
[SourceTitle "EXT 2022"]
[Source "ChessBase"]
[SourceDate "2021.10.06"]
[SourceVersion "1"]
[SourceVersionDate "2021.10.06"]
[SourceQuality "1"]

1. d4 Nf6 2. Bf4 e6 3. e3 c5 4. c3 b6 5. Nf3 Bb7 6. Nbd2 cxd4 7. exd4 Be7 8. Bd3 0-0 9. 0-0 d6 10. Qe2 Nbd7 11. Rfe1 Re8 12. Rac1 Bf8 13. Nc4 Qc7 14. Bg3 b5 15. Ncd2 a6 16. Ne4 Rac8 17. b3 Nxe4 18. Bxe4 Bxe4 19. Qxe4 Nf6 20. Qd3 Qb6 21. Nd2 a5 22. Ne4 Nxe4 23. Qxe4 Qc6 24. Qxc6 Rxc6 25. d5 Rcc8 26. dxe6 Rxe6 27. Rxe6 fxe6 28. f3 b4 29. c4 d5 30. Kf2 Bc5+ 31. Ke2 Bd4 32. Kd3 Bf6 33. Bf2 Rc6 34. Rc2 Bd8 35. cxd5 Rxc2 36. Kxc2 exd5 37. Kd3 Kf7 38. Kd4 Ke6 39. Kc5 g6 40. Bd4 Bc7 41. g3 h6 42. Kc6 Bd8 43. h3 h5 44. h4 g5 45. hxg5 Bxg5 46. f4 Bd8 1/2-1/2